[Event "Curitiba Terzian Memorial op"]
[Site "Curitiba"]
[Date "2014.11.02"]
[Round "6"]
[White "De Carvalho, Thais Ferreira Mont"]
[Black "Da Silva, Matheus Lopes"]
[Result "0-1"]
[WhiteElo "1771"]
[BlackElo "1800"]
[PlyCount "160"]
[EventDate "2014.10.31"]
[EventType "swiss"]
[EventRounds "6"]
[EventCountry "BRA"]
[SourceTitle "EXT 2015"]
[Source "ChessBase"]
[SourceDate "2014.11.20"]
[SourceVersion "1"]
[SourceVersionDate "2014.11.20"]
[SourceQuality "1"]

1. e4 c5 2. Nf3 d6 3. d4 cxd4 4. Nxd4 Nf6 5. Nc3 g6 6. Nf3 Nc6 7. Bc4 Bg7 8. 0-0 0-0 9. Bg5 Bg4 10. Be2 Qb6 11. b3 Nxe4 12. Be3 Qb4 13. Bd2 Nxd2 14. Nxd2 Bxe2 15. Qxe2 Bxc3 16. a3 Qb6 17. Nc4 Qc7 18. Rad1 Bg7 19. Rfe1 Rfe8 20. Qg4 Qc8 21. Qh4 Bf6 22. Qf4 Bg7 23. Re3 Qd7 24. Rde1 d5 25. Rf3 Rf8 26. Nd2 Qd6 27. Qh4 Qxa3 28. Rh3 h6 29. c4 dxc4 30. bxc4 Qb4 31. Rd1 Rad8 32. Qf4 Nd4 33. Qe3 Nf5 34. Qe2 Bc3 35. Nb1 Rxd1+ 36. Qxd1 Bg7 37. g4 Nd6 38. Qc1 Qxc4 39. Qxc4 Nxc4 40. Rd3 Nd6 41. h4 b5 42. Nc3 Rc8 43. Nd5 Re8 44. Nc3 Nc4 45. Nxb5 a6 46. Nc7 Rc8 47. Nd5 Kf8 48. Nc7 Kg8 49. Nxa6 Ne5 50. Rg3 g5 51. hxg5 hxg5 52. Nb4 Rc4 53. Nd5 e6 54. Ne3 Rc3 55. Rh3 Nc4 56. Kf1 Nxe3+ 57. fxe3 Rc2 58. Rh5 Bf6 59. Rh6 Kg7 60. Rh3 Be7 61. e4 Kf6 62. Rh6+ Ke5 63. Rh7 Kxe4 64. Rh3 f6 65. Rh7 Bc5 66. Rh6 Ke5 67. Ke1 f5 68. gxf5 exf5 69. Kd1 Rg2 70. Rh3 g4 71. Rc3 Bd4 72. Rd3 f4 73. Ke1 Ke4 74. Kf1 Rf2+ 75. Kg1 Rd2+ 76. Rxd4+ Rxd4 77. Kg2 Rd2+ 78. Kh1 g3 79. Kg1 f3 80. Kf1 Rd1# 0-1

[Event "Curitiba Terzian Memorial op"]
[Site "Curitiba"]
[Date "2014.10.31"]
[Round "2"]
[White "Da Silva, Matheus Lopes"]
[Black "Silva Jr, Maurides Ferreira D"]
[Result "0-1"]
[WhiteElo "1800"]
[BlackElo "1774"]
[PlyCount "78"]
[EventDate "2014.10.31"]
[EventType "swiss"]
[EventRounds "6"]
[EventCountry "BRA"]
[SourceTitle "EXT 2015"]
[Source "ChessBase"]
[SourceDate "2014.11.20"]
[SourceVersion "1"]
[SourceVersionDate "2014.11.20"]
[SourceQuality "1"]

1. d4 Nf6 2. Nc3 d5 3. Bg5 e6 4. Nf3 Be7 5. e3 0-0 6. Bxf6 Bxf6 7. Bd3 Nd7 8. 0-0 Re8 9. Re1 c5 10. dxc5 Nxc5 11. Bb5 Bd7 12. Bxd7 Qxd7 13. e4 Bxc3 14. bxc3 Rad8 15. exd5 Qxd5 16. Qe2 Na4 17. c4 Qc5 18. Rad1 Nc3 19. Qd2 Rxd2 20. Rxd2 f6 21. Re3 Qxc4 22. Rdd3 Nd5 23. Re2 Nf4 24. Nd2 Nxe2+ 25. Kf1 Qa6 26. Kxe2 Rd8 27. Nf3 e5 28. Ke1 Rxd3 29. cxd3 Qxd3 30. Ng1 e4 31. Ne2 Qb1+ 32. Nc1 Qxc1+ 33. Ke2 f5 34. f3 f4 35. fxe4 Qe3+ 36. Kf1 g5 37. g3 f3 38. h4 Qe2+ 39. Kg1 Qg2# 0-1